Posouzení stavu zdraví a nerovnost ve stavu zdraví populace v zemích EU-28

Analýza stavu zdravia a nerovnosti v stave zdravia v rámci krajín EÚ 28 pomocou viacrozmerných štatistických metód, medzi ktoré patrí korelačná analáza, faktorová a zhluková analýza.

Na minha lista:
Detalhes bibliográficos
Autor principal: Kopecká, Lucie
Formato: Capítulo de Livro
Idioma:tcheco
Assuntos:
Tags: Adicionar Tag
Sem tags, seja o primeiro a adicionar uma tag!

MARC

LEADER 00000naa a2200000 4500
001 0257204
005 20220728114603.0
041 0 |a cze 
044 |a SK 
245 1 0 |a Posouzení stavu zdraví a nerovnost ve stavu zdraví populace v zemích EU-28  |c Lucie Kopecká 
520 |a Analýza stavu zdravia a nerovnosti v stave zdravia v rámci krajín EÚ 28 pomocou viacrozmerných štatistických metód, medzi ktoré patrí korelačná analáza, faktorová a zhluková analýza. 
610 2 0 |a Európska únia 
610 2 0 |a politika zdravotná 
610 2 0 |a analýza zhluková 
610 2 0 |a analýza korelačná 
610 2 0 |a metódy štatistické 
610 2 0 |a ochrana zdravia 
610 2 0 |a starostlivosť zdravotná 
100 1 |a Kopecká, Lucie